00416nam a2200133 a 450000100080000000500110000800800410001910001110006024500460017126000250021730000140024265000170025665300090027314969582024-10-16 1999 bl uuuu 0 #d1 aACRE (Estado). Secretaria de Estado de Planejamento e Coordenação. Coordenadoria de Estudos e Pesquisas. aAnuário estatístico do Acreb1997-1998. aRio Branco, ACc1999 c1 CD-ROM. aEstatística aAcre